[Event "Rated Blitz tournament spring21"]
[Site "?"]
[Date "2021.04.10"]
[Round "?"]
[White "shak-tank"]
[Black "vovaches"]
[Result "1-0"]
[WhiteElo "2528"]
[BlackElo "2529"]
[PlyCount "33"]
[EventDate "2021.??.??"]
[EventType "blitz"]

1. e4 e5 2. Nf3 d5 3. exd5 e4 4. Nd4 Qxd5 5. Nb3 Nf6 6. Nc3 Qe5 7. Be2 Bd6 8.
d4 exd3 9. Qxd3 O-O 10. f4 Qe7 11. O-O Nc6 12. Bf3 Nb4 13. Qd1 Bf5 14. Nd4 Rad8
15. Nxf5 Bc5+ 16. Kh1 Rxd1 17. Nxe7+ {Normal} 1-0

[Event "Rated Blitz tournament spring21"]
[Site "?"]
[Date "2021.04.10"]
[Round "?"]
[White "AASH-Chess"]
[Black "Maltinho"]
[Result "0-1"]
[WhiteElo "2344"]
[BlackElo "2498"]
[PlyCount "72"]
[EventDate "2021.??.??"]
[EventType "blitz"]

1. e4 e5 2. Nf3 d5 3. Nxe5 Bd6 4. d4 dxe4 5. Bf4 Nc6 6. Bb5 Bxe5 7. Bxc6+ bxc6
8. Bxe5 Nf6 9. O-O O-O 10. Re1 Bf5 11. Nd2 Re8 12. Nf1 c5 13. Ng3 Bg6 14. b3
cxd4 15. Qxd4 Qxd4 16. Bxd4 Nd5 17. Rad1 c6 18. c4 Nb4 19. Rd2 Nd3 20. h4 Nxe1
21. h5 Rad8 22. hxg6 hxg6 23. Ne2 c5 24. Bc3 Rxd2 25. Bxd2 Nd3 26. Be3 f5 27.
g3 Kf7 28. Nc3 Ke6 29. Nd5 Rd8 30. Kf1 a6 31. Ke2 Rc8 32. Nc3 Kd6 33. Na4 Rh8
34. Nc3 Rh1 35. f3 Rh2+ 36. Kd1 exf3 {Normal} 0-1

[Event "Rated Blitz tournament spring21"]
[Site "?"]
[Date "2021.04.10"]
[Round "?"]
[White "CraZyAlchemist"]
[Black "Interceptor775"]
[Result "1-0"]
[WhiteElo "2506"]
[BlackElo "2276"]
[PlyCount "71"]
[EventDate "2021.??.??"]
[EventType "blitz"]

1. e4 e5 2. Nf3 d5 3. d4 dxe4 4. Nxe5 Nf6 5. Bc4 Be6 6. Bxe6 fxe6 7. O-O Bd6 8.
Qe2 O-O 9. Bg5 Be7 10. Nc3 Qxd4 11. Bxf6 Bxf6 12. Ng4 Nd7 13. Nxe4 Qxb2 14.
Rab1 Qxa2 15. Rxb7 Rad8 16. Rxc7 Qa5 17. Qc4 h5 18. Qxe6+ Kh8 19. Rxd7 hxg4 20.
Rxd8 Qxd8 21. Qxg4 Re8 22. Nxf6 Qxf6 23. Qh5+ Kg8 24. Qxe8+ Kh7 25. Qe4+ g6 26.
Qb7+ Kh6 27. Qxa7 Qb2 28. Qe3+ g5 29. Qe6+ Kh5 30. Qe2+ g4 31. Rd1 Qb4 32. h3
Kh6 33. Qxg4 Qc3 34. Rd6+ Kh7 35. Qg6+ Kh8 36. Rd8# {Normal} 1-0

[Event "Rated Blitz tournament spring21"]
[Site "?"]
[Date "2021.04.10"]
[Round "?"]
[White "ThunderClap"]
[Black "vovaches"]
[Result "0-1"]
[WhiteElo "2342"]
[BlackElo "2502"]
[PlyCount "80"]
[EventDate "2021.??.??"]
[EventType "blitz"]

1. e4 e5 2. Nf3 d5 3. Nc3 dxe4 4. Nxe4 Nf6 5. Nxf6+ Qxf6 6. d3 Bd6 7. Be2 O-O
8. Be3 Nc6 9. Qd2 Re8 10. O-O-O Be6 11. Kb1 Qe7 12. Ng5 Nb4 13. Nxe6 Qxe6 14.
c4 Bf8 15. Bf3 Rad8 16. Qc3 Qg6 17. Be4 f5 18. Bxb7 f4 19. Be4 Qa6 20. a3 fxe3
21. axb4 exf2 22. b5 Qb6 23. Rhf1 Bc5 24. Bc6 Rf8 25. Qxe5 Bd4 26. Qh5 g6 27.
Qh6 Rd6 28. Bd5+ Rxd5 29. cxd5 Qxb5 30. Qd2 Qxd5 31. Rc1 c5 32. g3 Qg2 33. Qf4
Re8 34. h4 Qb7 35. Qd2 Qf3 36. Qc2 Re2 37. Qc4+ Kg7 38. Rc2 Re1+ 39. Rc1 Qe2
40. Rfxe1 Qxb2# {Normal} 0-1

[Event "Rated Blitz game"]
[Site "?"]
[Date "2021.04.10"]
[Round "?"]
[White "Levchik_na_URFO"]
[Black "Chessbear_163"]
[Result "1-0"]
[WhiteElo "2465"]
[BlackElo "2337"]
[PlyCount "177"]
[EventDate "2021.??.??"]
[EventType "blitz"]

1. e4 e5 2. Nf3 d5 3. exd5 e4 4. Qe2 Nf6 5. d3 Qxd5 6. dxe4 Qxe4 7. Qxe4+ Nxe4
8. Bd3 Nc5 9. Be2 Bd6 10. Be3 O-O 11. Nc3 Bf5 12. O-O-O Nc6 13. Nb5 Ne4 14.
Nxd6 Nxd6 15. Bc5 Rfe8 16. Bd3 Bxd3 17. Rxd3 Ne4 18. Be3 Rad8 19. Rhd1 a6 20.
Nd4 Ne5 21. Rb3 b5 22. Bf4 Nxf2 23. Rd2 Ne4 24. Rd1 c5 25. Nf3 Nxf3 26. Rxf3
Rxd1+ 27. Kxd1 f6 28. Rd3 Kf7 29. Rd7+ Re7 30. Rd8 Nf2+ 31. Kd2 Ne4+ 32. Kd1
Nf2+ 33. Kd2 Ne4+ 34. Kd3 c4+ 35. Kd4 Nf2 36. Bg3 Ne4 37. Ra8 Nxg3 38. hxg3
Rd7+ 39. Kc3 Rd6 40. Ra7+ Kg6 41. a4 h5 42. axb5 axb5 43. Rb7 Rd5 44. b3 cxb3
45. cxb3 Re5 46. Kb4 Re2 47. Rxb5 Rxg2 48. Kc4 Rxg3 49. Kd4 Rg4+ 50. Ke3 Rg1
51. Rb8 Rb1 52. Kf3 Kg5 53. Rb5+ f5 54. Rb7 g6 55. b4 h4 56. b5 Rb3+ 57. Kg2
Kg4 58. b6 g5 59. Rb8 f4 60. b7 h3+ 61. Kh2 Rb2+ 62. Kg1 Kg3 63. Kf1 h2 64. Rh8
Rxb7 65. Ke2 Rb1 66. Kd3 Rg1 67. Rf8 h1=Q 68. Kd4 Rf1 69. Kc5 Qg2 70. Kd6 Qf3
71. Ke7 Qe3+ 72. Kf7 Re1 73. Kg7 Qe4 74. Rf6 Qf5 75. Rf7 Qe5+ 76. Kg6 Re3 77.
Rf8 Qe4+ 78. Kg7 Qf3 79. Kh8 Qg4 80. Rf7 Qh5+ 81. Kg8 Re6 82. Rg7 Kg4 83. Kf8
Qg6 84. Rxg6 Rf6+ 85. Rxf6 f3 86. Kg7 Kg3 87. Rf5 Kg2 88. Rxg5+ Kf2 89. Rf5 {
Time forfeit} 1-0

[Event "Rated Blitz game"]
[Site "?"]
[Date "2021.04.10"]
[Round "?"]
[White "tatamaco"]
[Black "jsequera"]
[Result "0-1"]
[WhiteElo "2342"]
[BlackElo "2508"]
[PlyCount "56"]
[EventDate "2021.??.??"]
[EventType "blitz"]

1. e4 e5 2. Nf3 d5 3. Nxe5 Bd6 4. d4 dxe4 5. Nc4 Nc6 6. Nxd6+ Qxd6 7. c3 Nf6 8.
Be2 h5 9. Nd2 Bf5 10. Nc4 Qe7 11. Bf4 O-O-O 12. O-O g5 13. Bxg5 Rdg8 14. h4
Rxg5 15. hxg5 Nd5 16. Qd2 h4 17. f4 e3 18. Qe1 f6 19. gxf6 Qxf6 20. Ne5 Qg7 21.
c4 Rg8 22. g4 Nxe5 23. dxe5 Bxg4 24. Kh2 Bxe2 25. Qxe2 Qg3+ 26. Kh1 Nxf4 27.
Qh2 e2 28. Rfe1 Qf3+ {Normal} 0-1

[Event "Rated Blitz tournament spring21"]
[Site "?"]
[Date "2021.04.10"]
[Round "?"]
[White "BulentBilenGegic"]
[Black "vovaches"]
[Result "0-1"]
[WhiteElo "2337"]
[BlackElo "2518"]
[PlyCount "70"]
[EventDate "2021.??.??"]
[EventType "blitz"]

1. e4 e5 2. Nf3 d5 3. Nxe5 Bd6 4. d4 dxe4 5. Nc4 Nf6 6. Be2 O-O 7. O-O Nc6 8.
Bg5 Re8 9. c3 h6 10. Bh4 Bf5 11. Nbd2 Be7 12. Ne3 Bg6 13. h3 Nd5 14. Bxe7 Ncxe7
15. Ndc4 Nxe3 16. fxe3 Nd5 17. Qd2 c6 18. Ne5 Qd6 19. Bh5 Bxh5 20. Qf2 f6 21.
Nc4 Qe6 22. Nd2 f5 23. Rae1 f4 24. exf4 e3 25. Qh4 Bg6 26. Nf3 Bd3 27. Ne5 Bxf1
28. Rxf1 Rf8 29. Qg3 e2 30. Re1 Nxf4 31. Qe3 Rae8 32. Kh2 Qf5 33. g4 Qg5 34.
Qe4 Qh4 35. Qf3 Qxe1 {Normal} 0-1

[Event "Rated Blitz game"]
[Site "?"]
[Date "2021.04.10"]
[Round "?"]
[White "wxcvbn123"]
[Black "Dzon_Vejn"]
[Result "0-1"]
[WhiteElo "2380"]
[BlackElo "2426"]
[PlyCount "146"]
[EventDate "2021.??.??"]
[EventType "blitz"]

1. e4 e5 2. Nf3 d5 3. exd5 e4 4. Qe2 Nf6 5. d3 Qxd5 6. Nc3 Bb4 7. Bd2 Bxc3 8.
Bxc3 Nbd7 9. O-O-O Qxa2 10. b3 O-O 11. dxe4 a5 12. e5 Ng4 13. Rd4 Nb6 14. h3
Nh6 15. g4 a4 16. bxa4 Nxa4 17. Qc4 Nxc3 18. Qxc3 Ra3 19. Qb2 Qxb2+ 20. Kxb2
Rxf3 21. Rd2 Be6 22. Bg2 Rf4 23. Ra1 c6 24. Ra7 Rb8 25. c3 g5 26. Kc2 Kg7 27.
Kd1 Ng8 28. Ke2 Ne7 29. Kd1 Ng6 30. Kc2 Nxe5 31. Rd4 Ng6 32. Rxf4 Nxf4 33. Bf1
Kf6 34. Kd2 Ke5 35. Ra5+ Kf6 36. h4 gxh4 37. g5+ Kg7 38. Ke3 Nd5+ 39. Kd4 h3
40. c4 Nf4 41. Ke4 h2 42. Kxf4 h1=Q 43. Be2 Qh4+ 44. Ke3 b6 45. Re5 Rd8 46. f4
Qg3+ 47. Bf3 Rd3+ 48. Kxd3 Qxf3+ 49. Re3 Qxe3+ 50. Kxe3 Bxc4 51. Kd4 Be6 52.
Ke5 c5 53. f5 Bxf5 54. Kxf5 f6 55. g6 hxg6+ 56. Ke6 g5 57. Kd6 c4 58. Kd5 c3
59. Kd4 c2 60. Kd3 c1=Q 61. Kd4 Qf4+ 62. Kd3 Qe5 63. Kc4 f5 64. Kd3 Qe4+ 65.
Kd2 f4 66. Kc3 Kf6 67. Kd2 Qe3+ 68. Kd1 Qf2 69. Kc1 Ke5 70. Kd1 Ke4 71. Kc1 Kd3
72. Kb1 Kc3 73. Ka1 Qb2# {Normal} 0-1

[Event "Rated Blitz tournament spring21"]
[Site "?"]
[Date "2021.04.10"]
[Round "?"]
[White "arvids_andrejevs"]
[Black "Maltinho"]
[Result "1-0"]
[WhiteElo "2386"]
[BlackElo "2492"]
[PlyCount "27"]
[EventDate "2021.??.??"]
[EventType "blitz"]

1. e4 e5 2. Nf3 d5 3. Nxe5 Bd6 4. d4 dxe4 5. Nc3 Bxe5 6. dxe5 Qxd1+ 7. Nxd1 Nc6
8. Bb5 Bd7 9. Bf4 Nxe5 10. Bxe5 Bxb5 11. Bxg7 f6 12. Bxh8 Kf7 13. Nc3 Bc6 14.
b4 {Normal} 1-0

[Event "Rated Blitz game"]
[Site "?"]
[Date "2021.04.10"]
[Round "?"]
[White "Sudadera"]
[Black "Chessbear_163"]
[Result "0-1"]
[WhiteElo "2405"]
[BlackElo "2333"]
[PlyCount "80"]
[EventDate "2021.??.??"]
[EventType "blitz"]

1. e4 e5 2. Nf3 d5 3. exd5 e4 4. Qe2 Nf6 5. d3 Qxd5 6. Nc3 Bb4 7. Bd2 Bxc3 8.
Bxc3 O-O 9. dxe4 Nxe4 10. Rd1 Nxc3 11. Rxd5 Nxe2 12. Bxe2 Be6 13. Rd2 Nc6 14.
O-O Rad8 15. Rfd1 h6 16. c3 g6 17. b3 Rxd2 18. Rxd2 Rd8 19. Rxd8+ Nxd8 20. Nd4
Bd7 21. Bf3 b6 22. b4 c5 23. bxc5 bxc5 24. Nb3 Ne6 25. Bd5 Kf8 26. a3 Nf4 27.
Bc4 Be6 28. Bxe6 Nxe6 29. c4 Ke7 30. Kf1 Kd6 31. Ke2 Nd4+ 32. Nxd4 cxd4 33. Kd2
Kc5 34. Kd3 f5 35. f4 g5 36. fxg5 hxg5 37. h3 f4 38. a4 a5 39. Ke4 Kxc4 40. Kf3
d3 {Normal} 0-1

[Event "Rated Blitz tournament bAuUIRkr"]
[Site "?"]
[Date "2021.04.10"]
[Round "?"]
[White "amta01"]
[Black "batasjon"]
[Result "1-0"]
[WhiteElo "2405"]
[BlackElo "2221"]
[PlyCount "97"]
[EventDate "2021.??.??"]
[EventType "blitz"]

1. e4 e5 2. Nf3 d5 3. Nxe5 Bd6 4. d4 dxe4 5. Nc4 Nf6 6. Nxd6+ Qxd6 7. Be2 O-O
8. O-O Rd8 9. c3 c5 10. dxc5 Qe7 11. Qc2 Qxc5 12. Be3 Qe7 13. Nd2 Bf5 14. Rad1
Nd5 15. Nc4 Nc6 16. b4 Rac8 17. Bc5 Qg5 18. Ne3 Nf4 19. g3 Nxe2+ 20. Qxe2 Ne5
21. Nxf5 Qxf5 22. f4 Nd3 23. Bd4 a6 24. Kg2 Qd5 25. Qe3 f5 26. Kg1 Qxa2 27. Rd2
Qf7 28. Rfd1 Re8 29. Kg2 h5 30. h4 Rc6 31. Kh2 Rg6 32. Re2 Rg4 33. Rxd3 Re6 34.
Rdd2 Reg6 35. Rg2 Qe7 36. Be5 Kh7 37. Kg1 Qe6 38. Rd6 Qb3 39. Rxg6 Rxg6 40. Kh2
Qd1 41. Rd2 Qf1 42. Qf2 Qb1 43. Re2 Qd3 44. Re3 Qd1 45. Qe2 Qb1 46. Qxh5+ Rh6
47. Qxf5+ Rg6 48. Qxe4 Qf1 49. Re2 {Time forfeit} 1-0

[Event "Rated Blitz tournament spring21"]
[Site "?"]
[Date "2021.04.10"]
[Round "?"]
[White "onyxz"]
[Black "Maltinho"]
[Result "0-1"]
[WhiteElo "2415"]
[BlackElo "2526"]
[PlyCount "40"]
[EventDate "2021.??.??"]
[EventType "blitz"]

1. e4 e5 2. Nf3 d5 3. Nxe5 Bd6 4. d4 dxe4 5. Bc4 Bxe5 6. Qh5 Qe7 7. dxe5 Nc6 8.
Bf4 Be6 9. Bxe6 Qxe6 10. Nc3 O-O-O 11. O-O f5 12. exf6 Nxf6 13. Qb5 a6 14. Qb3
Qf5 15. Bg3 h5 16. h3 g5 17. Nd1 Nd4 18. Qc4 Rd7 19. Ne3 Qb5 20. Qb4 Qxb4 {
Normal} 0-1

[Event "Rated Blitz tournament spring21"]
[Site "?"]
[Date "2021.04.10"]
[Round "?"]
[White "azaytsev2017"]
[Black "Maltinho"]
[Result "1/2-1/2"]
[WhiteElo "2269"]
[BlackElo "2499"]
[PlyCount "126"]
[EventDate "2021.??.??"]
[EventType "blitz"]

1. e4 e5 2. Nf3 d5 3. exd5 Bd6 4. Qe2 Nf6 5. Nxe5 O-O 6. d4 Nxd5 7. Nc3 Nxc3 8.
bxc3 Re8 9. Be3 Bxe5 10. dxe5 Rxe5 11. Qd3 Qe8 12. Be2 Bf5 13. Qd2 Nc6 14. O-O
Rd8 15. Qc1 Bg6 16. Bf3 Be4 17. Bxe4 Rxe4 18. Re1 Qe6 19. Bg5 Re8 20. Rxe4 Qxe4
21. Qe3 h6 22. Bf4 Qxe3 23. Bxe3 Re4 24. Rd1 Rc4 25. Rd7 Ne5 26. Rd8+ Kh7 27.
Bd4 Nc6 28. Rd7 Nxd4 29. cxd4 Rxc2 30. g3 b5 31. Rxf7 a5 32. Rf5 c6 33. a3 Rc3
34. d5 cxd5 35. Rxd5 Rb3 36. a4 bxa4 37. Rxa5 a3 38. Kg2 Kg6 39. h4 Kf6 40.
Ra6+ Ke5 41. Ra7 g5 42. hxg5 hxg5 43. Kh3 Kf5 44. Ra5+ Kf6 45. Kg4 Rb4+ 46. Kh5
Rb3 47. Rxg5 Rf3 48. Rg6+ Ke5 49. Ra6 Kd4 50. g4 Kc4 51. g5 Kb3 52. g6 Rxf2 53.
g7 Rh2+ 54. Kg6 Rg2+ 55. Kf7 a2 56. g8=Q Rxg8 57. Kxg8 Kb2 58. Rb6+ Kc2 59. Ra6
Kb2 60. Rb6+ Kc2 61. Rc6+ Kb2 62. Ra6 a1=Q 63. Rxa1 Kxa1 {Normal} 1/2-1/2

[Event "Rated Blitz tournament spring21"]
[Site "?"]
[Date "2021.04.10"]
[Round "?"]
[White "Schachmalanders"]
[Black "Artem_0degov"]
[Result "1-0"]
[WhiteElo "2405"]
[BlackElo "2524"]
[PlyCount "27"]
[EventDate "2021.??.??"]
[EventType "blitz"]

1. e4 e5 2. Nf3 d5 3. Nxe5 Bd6 4. d4 dxe4 5. Bf4 Nf6 6. Bc4 O-O 7. O-O Nbd7 8.
Nc3 Nb6 9. Bb3 c5 10. dxc5 Bxc5 11. Qxd8 Rxd8 12. Bxf7+ Kh8 13. Rad1 Bf5 14.
Bb3 {Normal} 1-0

[Event "Rated Blitz game"]
[Site "?"]
[Date "2021.04.10"]
[Round "?"]
[White "Beutlin1"]
[Black "Lasker-on-speed"]
[Result "1-0"]
[WhiteElo "2445"]
[BlackElo "2296"]
[PlyCount "45"]
[EventDate "2021.??.??"]
[EventType "blitz"]

1. e4 e5 2. Nf3 d5 3. exd5 Bd6 4. Nc3 Nf6 5. Bb5+ c6 6. dxc6 Nxc6 7. O-O O-O 8.
d3 Nd4 9. h3 a6 10. Bc4 b5 11. Bb3 Bb7 12. Nxd4 exd4 13. Ne2 Qb6 14. Bf4 Qc6
15. f3 Nd5 16. Bxd5 Qxd5 17. Qd2 Rfe8 18. Rfe1 Rac8 19. a3 Bxf4 20. Nxf4 Rxe1+
21. Rxe1 Qa2 22. Qb4 Qd5 23. Nxd5 {Normal} 1-0

[Event "Rated Blitz tournament spring21"]
[Site "?"]
[Date "2021.04.10"]
[Round "?"]
[White "ChessHobbits99"]
[Black "vovaches"]
[Result "0-1"]
[WhiteElo "2545"]
[BlackElo "2509"]
[PlyCount "76"]
[EventDate "2021.??.??"]
[EventType "blitz"]

1. e4 e5 2. Nf3 d5 3. Nxe5 Bd6 4. d4 dxe4 5. Nc4 Nf6 6. Nc3 O-O 7. Bg5 Re8 8.
Nxd6 Qxd6 9. Be2 Nc6 10. Be3 Bf5 11. O-O Bg6 12. Nb5 Qd7 13. c4 a6 14. Nc3 Rad8
15. d5 Ne5 16. Bd4 Qf5 17. h3 c6 18. Bxe5 Qxe5 19. Qb3 cxd5 20. cxd5 Nxd5 21.
Qxb7 Nf4 22. Rfd1 Qg5 23. g3 Nxh3+ 24. Kf1 e3 25. Rxd8 Rxd8 26. Ne4 Bxe4 27.
Qxe4 Nxf2 28. Qf4 Qd5 29. Bf3 Qb5+ 30. Kg2 Qxb2 31. Qxe3 Nd1+ 32. Qe2 Qxa1 33.
Qe7 Qxa2+ 34. Kh3 Nf2+ 35. Kh4 Qc4+ 36. g4 Qd4 37. Be2 Ne4 38. Bf3 Qf2+ {Normal
} 0-1

[Event "Rated Blitz tournament spring21"]
[Site "?"]
[Date "2021.04.10"]
[Round "?"]
[White "Cellini"]
[Black "vovaches"]
[Result "0-1"]
[WhiteElo "2501"]
[BlackElo "2472"]
[PlyCount "34"]
[EventDate "2021.??.??"]
[EventType "blitz"]

1. e4 e5 2. Nf3 d5 3. exd5 e4 4. Qe2 Nf6 5. d3 Qxd5 6. Nbd2 Nc6 7. Nxe4 Be6 8.
Nxf6+ gxf6 9. Qe4 Qa5+ 10. Bd2 Bb4 11. c3 Bd6 12. Be2 O-O-O 13. a4 Rhg8 14. b4
Qh5 15. Nd4 Bg4 16. Nxc6 Rde8 17. Nxa7+ Kb8 {Normal} 0-1

[Event "Rated Blitz tournament spring21"]
[Site "?"]
[Date "2021.04.10"]
[Round "?"]
[White "Lecter_Hannibal"]
[Black "vovaches"]
[Result "0-1"]
[WhiteElo "2272"]
[BlackElo "2484"]
[PlyCount "60"]
[EventDate "2021.??.??"]
[EventType "blitz"]

1. e4 e5 2. Nf3 d5 3. d4 dxe4 4. Nxe5 Bd6 5. Nc4 Nf6 6. Bg5 O-O 7. Nc3 Re8 8.
Qd2 Nc6 9. O-O-O h6 10. Nxd6 Qxd6 11. Bf4 Qe7 12. Bb5 Bd7 13. Bxc7 Rac8 14. Bg3
Nb4 15. Bxd7 Qxd7 16. a3 e3 17. fxe3 Ne4 18. Nxe4 Rxc2+ 19. Qxc2 Nxc2 20. Nc5
Qc8 21. Kxc2 b6 22. b4 bxc5 23. bxc5 Qa6 24. Rd3 Qc4+ 25. Rc3 Qe2+ 26. Kb3 Rxe3
27. Re1 Qb5+ 28. Kc2 Qa4+ 29. Kd2 Qxd4+ 30. Kc2 Qxc3+ {Normal} 0-1

[Event "Rated Blitz tournament spring21"]
[Site "?"]
[Date "2021.04.10"]
[Round "?"]
[White "Lightlike"]
[Black "Maltinho"]
[Result "0-1"]
[WhiteElo "2544"]
[BlackElo "2497"]
[PlyCount "84"]
[EventDate "2021.??.??"]
[EventType "blitz"]

1. e4 e5 2. Nf3 d5 3. Nxe5 Bd6 4. d4 dxe4 5. Nc4 Nf6 6. Nc3 O-O 7. Bg5 Nc6 8.
Qd2 Re8 9. O-O-O Bb4 10. a3 Be7 11. h4 Bf5 12. Be2 h6 13. Bf4 Nd5 14. Nxd5 Qxd5
15. Kb1 Be6 16. b3 Rad8 17. Bxc7 Rd7 18. Ne3 Qxd4 19. Qxd4 Nxd4 20. Bc4 Rxc7
21. Rxd4 Bxc4 22. Rxc4 Rxc4 23. Nxc4 b5 24. Nd2 Bxa3 25. Re1 f5 26. c3 Bc5 27.
Re2 Kf7 28. g4 g6 29. h5 fxg4 30. hxg6+ Kxg6 31. Nxe4 Bxf2 32. c4 bxc4 33. bxc4
h5 34. Kc2 h4 35. Kd3 Bb6 36. c5 Bc7 37. Rf2 Be5 38. Ra2 Re7 39. Ra6+ Kh5 40.
Ke3 h3 41. c6 g3 42. Kf3 g2 {Normal} 0-1

[Event "Rated Blitz game"]
[Site "?"]
[Date "2021.04.10"]
[Round "?"]
[White "MannySen"]
[Black "martuliov"]
[Result "1-0"]
[WhiteElo "2461"]
[BlackElo "2332"]
[PlyCount "27"]
[EventDate "2021.??.??"]
[EventType "blitz"]

1. e4 e5 2. Nf3 d5 3. exd5 e4 4. Qe2 Nf6 5. d3 Qxd5 6. Nbd2 Be7 7. Nxe4 O-O 8.
g3 Bg4 9. Bg2 Nc6 10. c3 Rfe8 11. O-O Bc5 12. Re1 Ne5 13. Bh6 Nxd3 14. Nxf6+ {
Normal} 1-0

[Event "Rated Blitz game"]
[Site "?"]
[Date "2021.04.10"]
[Round "?"]
[White "peppie23"]
[Black "annaly1979"]
[Result "0-1"]
[WhiteElo "2490"]
[BlackElo "2375"]
[PlyCount "46"]
[EventDate "2021.??.??"]
[EventType "blitz"]

1. e4 e5 2. Nf3 d5 3. exd5 e4 4. Qe2 f5 5. d3 Nf6 6. dxe4 fxe4 7. Nfd2 Be7 8.
Nxe4 Nxe4 9. Qxe4 O-O 10. Be3 Bd6 11. Nc3 Bf5 12. Qc4 Bxc2 13. Nb5 Bg6 14. Rc1
Na6 15. a3 Qf6 16. b4 Rae8 17. Nxd6 Qxf2+ 18. Kd1 Rxe3 19. Be2 Rxe2 20. Qxe2
Qd4+ 21. Qd2 Bh5+ 22. g4 Bxg4+ 23. Ke1 Qe5+ {Normal} 0-1

[Event "Rated Blitz tournament spring21"]
[Site "?"]
[Date "2021.04.10"]
[Round "?"]
[White "shnitez"]
[Black "Artem_0degov"]
[Result "1-0"]
[WhiteElo "2443"]
[BlackElo "2531"]
[PlyCount "141"]
[EventDate "2021.??.??"]
[EventType "blitz"]

1. e4 e5 2. Nf3 d5 3. Nxe5 Bd6 4. d4 dxe4 5. Qh5 g6 6. Qe2 Bxe5 7. dxe5 Nc6 8.
Qxe4 Bf5 9. Qa4 Nge7 10. Bg5 O-O 11. Nc3 Nxe5 12. Rd1 Qe8 13. Qxe8 Rfxe8 14.
Kd2 Ng4 15. Bh4 Nc6 16. h3 Nge5 17. Bb5 a6 18. Bxc6 Nxc6 19. Rhe1 Nd4 20. Rxe8+
Rxe8 21. Rc1 c5 22. Bf6 Nc6 23. Rd1 Re6 24. Bg5 Nd4 25. Rc1 b5 26. Be3 b4 27.
Bxd4 cxd4 28. Ne2 Rd6 29. Nf4 g5 30. Nd3 a5 31. Re1 Kg7 32. Re5 Kg6 33. Rxa5 f6
34. Nxb4 h5 35. Nd3 g4 36. h4 Be4 37. Nf4+ Kh6 38. Rxh5+ Kg7 39. g3 Rc6 40. c3
dxc3+ 41. bxc3 Rd6+ 42. Ke3 Bb1 43. Rd5 Ra6 44. c4 Bxa2 45. Kd4 Rc6 46. Rd7+
Kh6 47. c5 Ra6 48. Rd6 Ra4+ 49. Kc3 Kg7 50. c6 Bf7 51. Nd5 Ra1 52. Nxf6 Rc1+
53. Kb4 Rb1+ 54. Kc5 Rc1+ 55. Kb6 Rb1+ 56. Kc7 Rc1 57. Nxg4 Bh5 58. Ne5 Be2 59.
f4 Ra1 60. f5 Ra7+ 61. Kb6 Ra6+ 62. Kb7 Ra1 63. f6+ Kh6 64. c7 Rb1+ 65. Rb6 Rc1
66. c8=Q Rxc8 67. Kxc8 Kh7 68. f7 Kg7 69. Kd8 Kf8 70. Rg6 Bh5 71. Rg8# {Normal}
1-0

[Event "Rated Blitz game"]
[Site "?"]
[Date "2021.04.10"]
[Round "?"]
[White "Yakovlev_Aleksandr"]
[Black "annaly1979"]
[Result "0-1"]
[WhiteElo "2421"]
[BlackElo "2378"]
[PlyCount "136"]
[EventDate "2021.??.??"]
[EventType "blitz"]

1. e4 e5 2. Nf3 d5 3. exd5 e4 4. Qe2 f5 5. d3 Nf6 6. dxe4 fxe4 7. c4 Bd6 8. Nd4
O-O 9. Be3 c5 10. Nb5 Be5 11. N1c3 a6 12. Na3 Qa5 13. Qd2 Bg4 14. h3 Bh5 15.
Be2 Bxe2 16. Nxe2 Qxd2+ 17. Kxd2 Bxb2 18. Nc2 Bxa1 19. Nxa1 Nbd7 20. Nb3 b6 21.
Rc1 Rfe8 22. Nf4 Nf8 23. a4 a5 24. Rc2 Rad8 25. Ke2 g5 26. Ne6 Nxe6 27. dxe6 h6
28. Bd2 Rxe6 29. Be3 Kf7 30. Nc1 Nd7 31. Rb2 Ne5 32. Rc2 Nd3 33. Na2 Nb4 34.
Rb2 Rd3 35. Nc1 Ra3 36. Rd2 Rxa4 37. Rd7+ Kf6 38. h4 Na2 39. Nb3 Rb4 40. Nd2
Nc3+ 41. Kf1 Nb1 42. Rh7 Kg6 43. Rd7 Nxd2+ 44. Bxd2 Rxc4 45. g4 gxh4 46. Kg2 e3
47. Bxe3 Rxg4+ 48. Kf3 Rb4 49. Kg2 Rb3 50. Bf4 h3+ 51. Kh2 Re2 52. Bg3 Rf3 53.
Rd6+ Kf5 54. Rxb6 Rexf2+ 55. Bxf2 Rxf2+ 56. Kxh3 Ke5 57. Kg3 Rf8 58. Rxh6 Kd5
59. Ra6 c4 60. Rxa5+ Kd4 61. Ra7 c3 62. Rd7+ Kc4 63. Rc7+ Kd3 64. Rd7+ Kc2 65.
Rb7 Kc1 66. Rd7 c2 67. Rb7 Rd8 68. Rd7 Rxd7 {Normal} 0-1

[Event "Rated Blitz tournament spring21"]
[Site "?"]
[Date "2021.04.10"]
[Round "?"]
[White "PrimumSemper"]
[Black "Interceptor775"]
[Result "1-0"]
[WhiteElo "2466"]
[BlackElo "2287"]
[PlyCount "71"]
[EventDate "2021.??.??"]
[EventType "blitz"]

1. e4 e5 2. Nf3 d5 3. Nxe5 Bd6 4. d4 dxe4 5. Bc4 Bxe5 6. Qh5 Be6 7. Bxe6 Qe7 8.
Bxf7+ Qxf7 9. Qxe5+ Ne7 10. Qxe4 Nbc6 11. O-O O-O-O 12. c3 Rde8 13. Qf4 Qc4 14.
Nd2 Qd3 15. Qf3 Qg6 16. Qg3 Qf7 17. Nf3 Ng6 18. Be3 Nce7 19. Ne5 Nxe5 20. Qxe5
Nf5 21. Qf4 h5 22. h3 Rhg8 23. Rae1 g5 24. Qh2 Nxe3 25. fxe3 Qxa2 26. Rf2 Rgf8
27. Qg3 h4 28. Qg4+ Kb8 29. Ref1 Qg8 30. Rxf8 Rxf8 31. Rxf8+ Qxf8 32. Qxg5 a5
33. Qxa5 Qe7 34. Qe5 Qh7 35. e4 Qh5 36. Qxh5 {Normal} 1-0

[Event "Rated Blitz tournament spring21"]
[Site "?"]
[Date "2021.04.10"]
[Round "?"]
[White "Sgplus"]
[Black "Artem_0degov"]
[Result "0-1"]
[WhiteElo "2342"]
[BlackElo "2515"]
[PlyCount "64"]
[EventDate "2021.??.??"]
[EventType "blitz"]

1. e4 e5 2. Nf3 d5 3. Nxe5 Bd6 4. d4 dxe4 5. Bc4 Bxe5 6. Qh5 Qe7 7. dxe5 Nc6 8.
Bf4 Be6 9. Bb5 Qb4+ 10. Nc3 Nge7 11. O-O-O O-O 12. a3 Qa5 13. Bxc6 bxc6 14.
Nxe4 Bf5 15. f3 Bg6 16. Qg5 Nd5 17. Bd2 Qb6 18. c4 Rab8 19. b4 h6 20. Qh4 Ne3
21. c5 Qa6 22. Bxe3 Qxa3+ 23. Kd2 Rxb4 24. Ke2 Rb3 25. Bf4 Qa6+ 26. Kf2 Rb2+
27. Kg3 Qe2 28. Rhg1 Bxe4 29. fxe4 Rb3+ 30. Be3 Qxe3+ 31. Kg4 Qxe4+ 32. Kh5
Qg6# {Normal} 0-1

[Event "Rated Blitz tournament spring21"]
[Site "?"]
[Date "2021.04.10"]
[Round "?"]
[White "aaatchoum"]
[Black "vovaches"]
[Result "0-1"]
[WhiteElo "2248"]
[BlackElo "2569"]
[PlyCount "50"]
[EventDate "2021.??.??"]
[EventType "blitz"]

1. e4 e5 2. Nf3 d5 3. d4 dxe4 4. Nxe5 Bd6 5. Be2 Bxe5 6. dxe5 Qxd1+ 7. Bxd1 Nc6
8. Nc3 Bf5 9. Bf4 O-O-O 10. O-O Nge7 11. Re1 Ng6 12. Bg5 Rd4 13. g4 Be6 14.
Rxe4 Ngxe5 15. h3 Rxd1+ 16. Rxd1 Nf3+ 17. Kg2 Nxg5 18. Re3 h5 19. f4 Nxh3 20.
f5 hxg4 21. fxe6 fxe6 22. Re4 g5 23. Rxg4 Nf4+ 24. Kf3 Ne5+ 25. Kg3 Rh3+ {
Normal} 0-1

[Event "Rated Blitz tournament spring21"]
[Site "?"]
[Date "2021.04.10"]
[Round "?"]
[White "datajunkie"]
[Black "Artem_0degov"]
[Result "1-0"]
[WhiteElo "2640"]
[BlackElo "2517"]
[PlyCount "81"]
[EventDate "2021.??.??"]
[EventType "blitz"]

1. e4 e5 2. Nf3 d5 3. Nxe5 Bd6 4. d4 dxe4 5. Nc4 Nf6 6. Nc3 O-O 7. Bg5 Nc6 8.
Qd2 Bf5 9. O-O-O h6 10. Bh4 Be7 11. Ne3 Bh7 12. Bc4 a6 13. d5 Ne5 14. Be2 b5
15. f4 exf3 16. gxf3 b4 17. Na4 a5 18. Rhg1 Kh8 19. Kb1 Ng6 20. Bg3 Nh5 21. Nf5
Nxg3 22. hxg3 Bf6 23. Nc5 Ne5 24. g4 a4 25. f4 Nd7 26. Ne4 b3 27. cxb3 axb3 28.
a3 Nb6 29. Rh1 Re8 30. Bd3 Nxd5 31. Nxh6 gxh6 32. Rxh6 Kg8 33. Rxh7 Kxh7 34.
Nxf6+ Kg7 35. Nxe8+ Qxe8 36. Re1 Qd7 37. f5 f6 38. g5 Nb4 39. gxf6+ Kxf6 40.
Qh6+ Kf7 41. Qh7+ {Normal} 1-0